000
00509nam a2200169Ia 4500
008
090711s9999 xx 000 0 und d
082
_b
47006
100
_a
दिघे प्रभाकर तुकाजी
245
_a
सुलतान
260
_c
1982
300
_a
214
600
_a
दिघे प्रभाकर तुकाजी
630
_a
सुलतान
700
_a
दिघे प्रभाकर तुकाजी
730
_a
सुलतान
942
_c
BOOK
999
_c
297388
_d
297388